LEADER 00811nas a2200193 i 4500 001 000000002892 003 CaOOAMICUS 005 20180830125436.0 008 180830n be uu u0 0und r 040 $aSeMil$bita 245 10$aRythmes du Monde :$ble Bulletin des Missions. 260 $aBruges :$bAbbaye de Saint-André 500 $aTable générale des matières 1963-1972 (57-2-26). 500 $aConsistenza: 38. (1964) - 45. (1971-72) 710 0 $aAbbaye de St. André .$0(OLS)http://semarc/name/2070 774 0 $tTitolo mancante.$w()131807 785 00$tNouveaux rythmes du monde.$dBruges : Abbaye de Saint-André $w()2526 996 $6245$aRythmes du Monde :$ble Bulletin des Missions$9(OLS)http://semarc/title/4891 996 $6260$aBruges :$bAbbaye de Saint-André$9(OLS)http://semarc/publisher/30186 LEADER 01181nam a2200265 i 4500 001 000000191167 003 CaOOAMICUS 005 20151020000000.0 008 151020s1982 it u000 u ita u 013 $a169662 040 $aSeMil$bita 245 10$aVita cristiana ed esperienza mistica. 260 $aRoma :$bEdizioni del Teresianum,$c1982. 300 $a417 p. ;$c21 cm. 490 0 $aStudia theologica ;$v4 500 $aLezioni tenute al Congresso teresiano internazionale, Roma, Teresianum, 14-18 aprile 1982. 650 4$aVita cristiana - Meditazioni.$0(OLS)http://semarc/subject/1353 650 4$aTeresa : d'Avila - Spiritualità.$0(OLS)http://semarc/subject/5228 650 4$aMistica cristiana - Introduzioni.$0(OLS)http://semarc/subject/12395 830 0$aStudia theologica ;$v4.$0(OLS)http://semarc/title/275469 850 $aSeMil 852 $aSeMil$W1$xVenegono$y1$m2C VI 112$j141781$B141781$CSeMilBibl$Z2$F153352 $81 961 $aOmaggio: Martinelli don Romano 996 $6245$aVita cristiana ed esperienza mistica$9(OLS)http://semarc/title/275468 996 $6260$aRoma :$bEdizioni del Teresianum$9(OLS)http://semarc/publisher/39384